000 00642nam a2200193Ia 4500
008 151121s9999||||xx |||||||||||||| ||und||
082 _a920/बिड़ला
082 _bHNW-8383
100 _aबिड़ला घनश्यामदास
245 _aबापू
260 _b"सस्ता साहित्य मण्डल प्रकाशन, न। दिल्ली"
260 _c--
300 _a203
600 _aबिड़ला घनश्यामदास
630 _aबापू
700 _aबिड़ला घनश्यामदास
730 _aबापू
942 _cBOOK
999 _c1214899
_d1214896